[Event "SK Münster 1 - SV Letmathe 1"]
[Site "Oberliga NRW 2015/2016"]
[Date "2016.02.14"]
[Round "6.8"]
[White "Holtel, Jasper"]
[Black "Oswald, Hans-Joachim"]
[Result "1/2-1/2"]
[WhiteElo "2236"]
[BlackElo "2194"]
[PlyCount "39"]
[EventDate "2016.??.??"]
[WhiteTeam "SK Münster 1"]
[BlackTeam "SV Letmathe 1"]

1. e4 d5 2. exd5 Nf6 3. d4 Nxd5 4. Nf3 g6 5. c4 Nb6 6. a4 a5 7. c5 Nd5 8. Bc4
Bg7 9. Qb3 c6 10. Nc3 O-O 11. Nxd5 cxd5 12. Bxd5 Nc6 13. O-O Bg4 14. Be3 Rb8
15. Ng5 e6 16. Bf3 Nxd4 17. Bxd4 Qxd4 18. Rad1 Qxc5 19. Ne4 Qe5 20. Rd7 1/2-1/2

[Event "SV Würselen 1 - SVG Plettenberg 1"]
[Site "Oberliga NRW 2015/2016"]
[Date "2016.02.14"]
[Round "6.1"]
[White "Haub, Thorsten Michael"]
[Black "Hovhannisyan, Mher"]
[Result "1/2-1/2"]
[WhiteElo "2333"]
[BlackElo "2475"]
[PlyCount "40"]
[EventDate "2016.??.??"]
[WhiteTeam "SVG Plettenberg 1"]
[BlackTeam "SV Würselen 1"]

1. g3 d5 2. Bg2 Nf6 3. d3 c5 4. Nf3 Nc6 5. O-O e6 6. Nbd2 Be7 7. e4 b6 8. c3
Bb7 9. Re1 Qc7 10. Nf1 d4 11. cxd4 Nxd4 12. Nxd4 cxd4 13. Bg5 O-O 14. Rc1 Qd7
15. Bxf6 Bxf6 16. e5 Be7 17. Bxb7 Qxb7 18. Nd2 Rfd8 19. f4 Bb4 20. a3 Bxd2
1/2-1/2

[Event "SV Würselen 1 - SVG Plettenberg 1"]
[Site "Oberliga NRW 2015/2016"]
[Date "2016.02.14"]
[Round "6.2"]
[White "Geiernaert, Steven"]
[Black "Bosch, Jeroen"]
[Result "1/2-1/2"]
[WhiteElo "2424"]
[BlackElo "2352"]
[PlyCount "78"]
[EventDate "2016.??.??"]
[WhiteTeam "SV Würselen 1"]
[BlackTeam "SVG Plettenberg 1"]

1. d4 Nf6 2. c4 e6 3. Nc3 Bb4 4. f3 Nh5 5. Nh3 f5 6. e4 O-O 7. Bg5 Be7 8. f4
Nf6 9. Bxf6 Bxf6 10. e5 Be7 11. Qf3 d6 12. O-O-O dxe5 13. dxe5 Qe8 14. Nb5 Bd8
15. Rg1 a6 16. Nc3 Be7 17. g4 Bc5 18. Rg3 Nc6 19. gxf5 Rxf5 20. Qg2 Bf8 21. Bd3
Ne7 22. Bxf5 Nxf5 23. Rgd3 Be7 24. Ng5 h6 25. Nge4 Kh7 26. Ng3 Nh4 27. Qe4+ Qg6
28. Kb1 Rb8 29. c5 Bxc5 30. Rd8 Be7 31. R8d3 Qxe4 32. Ncxe4 Ng6 33. Rc3 c5 34.
Nh5 b6 35. Nd6 Bb7 36. Nxb7 Rxb7 37. Rg3 Bf8 38. Rgd3 Rf7 39. Rd7 Be7 1/2-1/2

[Event "SV Würselen 1 - SVG Plettenberg 1"]
[Site "Oberliga NRW 2015/2016"]
[Date "2016.02.14"]
[Round "6.3"]
[White "Klip, Hans"]
[Black "Docx, Stefan"]
[Result "1/2-1/2"]
[WhiteElo "2346"]
[BlackElo "2427"]
[Annotator "Hausrath,Daniel"]
[PlyCount "65"]
[EventDate "2016.??.??"]
[WhiteTeam "SVG Plettenberg 1"]
[BlackTeam "SV Würselen 1"]

1. e4 c5 2. Nf3 e6 3. Nc3 a6 4. d4 cxd4 5. Nxd4 Qc7 6. Bd3 Bc5 7. Nb3 Be7 8.
O-O d6 9. Qe2 Nd7 10. f4 Ngf6 11. Bd2 b5 12. a4 b4 13. Nd1 Bb7 14. Nf2 a5 15.
Rae1 e5 16. c3 bxc3 17. Bxc3 O-O 18. Qd2 Nc5 19. Nxc5 Qxc5 20. Kh1 Rfe8 21. Bb5
Bc6 22. Nd3 Qb6 23. Bxa5 Qb7 24. Bxc6 Qxc6 25. fxe5 dxe5 26. Nxe5 Qxa4 27. Bc3
Rf8 28. Qf4 Bb4 $11 29. Ng4 Bxc3 30. bxc3 Nxg4 31. Qxg4 Qc4 32. Rf3 Rae8 33. h3
1/2-1/2

[Event "SV Würselen 1 - SVG Plettenberg 1"]
[Site "Oberliga NRW 2015/2016"]
[Date "2016.02.14"]
[Round "6.5"]
[White "Bouaraba, Max"]
[Black "Beukema, Stefan"]
[Result "0-1"]
[WhiteElo "2197"]
[BlackElo "2332"]
[PlyCount "46"]
[EventDate "2016.??.??"]
[WhiteTeam "SVG Plettenberg 1"]
[BlackTeam "SV Würselen 1"]

1. d4 f5 2. Bf4 Nf6 3. e3 d6 4. h3 g6 5. Nf3 Bg7 6. Bc4 e6 7. c3 Qe7 8. O-O O-O
9. Nbd2 Kh8 10. Bb3 Nc6 11. c4 e5 12. Bh2 Nh5 13. d5 Nb4 14. c5 e4 15. cxd6
cxd6 16. Nd4 Nd3 17. Nc4 f4 18. f3 fxe3 19. Bxd6 Qg5 20. fxe4 Bxh3 21. Rxf8+
Rxf8 22. g3 Nxg3 23. Kh2 Nf1+ 0-1

[Event "SV Würselen 1 - SVG Plettenberg 1"]
[Site "Oberliga NRW 2015/2016"]
[Date "2016.02.14"]
[Round "6.6"]
[White "Huhndorf, Arnold"]
[Black "Pieper, Dawid"]
[Result "1/2-1/2"]
[WhiteElo "2237"]
[BlackElo "2165"]
[Annotator "Hausrath,Daniel"]
[PlyCount "61"]
[EventDate "2016.??.??"]
[WhiteTeam "SV Würselen 1"]
[BlackTeam "SVG Plettenberg 1"]

1. d4 e6 2. c4 f5 3. Nf3 Nf6 4. g3 d6 5. Bg2 Be7 6. O-O O-O 7. b4 a5 8. b5 Ne4
9. Bb2 a4 10. Nfd2 d5 11. Nxe4 dxe4 12. e3 Bf6 $11 13. Nd2 c5 14. bxc6 Nxc6 15.
Rb1 Re8 16. f3 Nxd4 17. Nxe4 fxe4 18. exd4 e3 19. Re1 Qc7 20. Qd3 Bd7 21. Rxe3
Rac8 22. Bf1 Red8 23. Qe2 Kh8 24. Bh3 Bc6 25. Rd1 Bg5 26. Rxe6 Bd7 27. d5 Bxe6
28. Bxe6 Qe7 29. Kg2 Bf6 30. Rb1 h6 31. Qc2 1/2-1/2

[Event "SV Würselen 1 - SVG Plettenberg 1"]
[Site "Oberliga NRW 2015/2016"]
[Date "2016.02.14"]
[Round "6.7"]
[White "Schulze, Marc"]
[Black "Goossens, Etienne"]
[Result "1-0"]
[WhiteElo "2103"]
[BlackElo "2187"]
[PlyCount "85"]
[EventDate "2016.??.??"]
[WhiteTeam "SVG Plettenberg 1"]
[BlackTeam "SV Würselen 1"]

1. d4 e6 2. Bf4 c5 3. e3 Nf6 4. Nf3 b6 5. Bd3 Be7 6. h3 O-O 7. O-O Bb7 8. Nbd2
d6 9. c3 Nbd7 10. Qe2 Qc7 11. a4 e5 12. dxe5 Nxe5 13. Nxe5 dxe5 14. Bh2 Rad8
15. Rfd1 Qc6 16. e4 Nd7 17. Bb5 Qg6 18. f3 f5 19. Nc4 fxe4 20. fxe4 Bh4 21.
Bxd7 Bf2+ 22. Kh1 Bxe4 23. Qg4 Qxg4 24. Bxg4 Rxd1+ 25. Rxd1 Bc2 26. Rd2 Bxa4
27. Be6+ Kh8 28. Nxe5 Be3 29. Nf7+ Kg8 30. Re2 Bc1 31. Rf2 Re8 32. Bc4 Re1+ 33.
Bg1 g6 34. Ne5+ Kg7 35. Nd3 Rxg1+ 36. Kxg1 Be3 37. b4 cxb4 38. cxb4 b5 39. Bd5
Bc2 40. Ne5 a5 41. bxa5 b4 42. Kf1 b3 43. Rf7+ 1-0

[Event "SV Würselen 1 - SVG Plettenberg 1"]
[Site "Oberliga NRW 2015/2016"]
[Date "2016.02.14"]
[Round "6.8"]
[White "Heinichen, Nils"]
[Black "Kuhnen, Thomas"]
[Result "1-0"]
[WhiteElo "2085"]
[BlackElo "2084"]
[PlyCount "67"]
[EventDate "2016.??.??"]
[WhiteTeam "SV Würselen 1"]
[BlackTeam "SVG Plettenberg 1"]

1. d4 d5 2. c4 c6 3. Nf3 Nf6 4. Nc3 e6 5. e3 Nbd7 6. Qc2 Bb4 7. a3 Qa5 8. Bd2
c5 9. Rd1 Bxc3 10. Bxc3 Qd8 11. dxc5 O-O 12. b4 Qc7 13. cxd5 Nxd5 14. Ng5 g6
15. Ba1 Ne5 16. Qe4 f6 17. Nf3 Nxf3+ 18. gxf3 Qf7 19. Bc4 Re8 20. Qh4 Kg7 21.
e4 Nc7 22. Qf4 b6 23. c6 b5 24. Bb3 a5 25. bxa5 Rxa5 26. Bxf6+ Kg8 27. e5 Nd5
28. Bxd5 exd5 29. O-O Rxa3 30. Ra1 Rc3 31. Qd4 Rxf3 32. Ra7 Qe6 33. Rg7+ Kf8
34. Qc5+ 1-0

[Event "Klub Kölner SF 1 - Oberhausener SV 1"]
[Site "Oberliga NRW 2015/2016"]
[Date "2016.02.14"]
[Round "6.1"]
[White "Hort, Vlastimil"]
[Black "Seul, Georg"]
[Result "1/2-1/2"]
[WhiteElo "2386"]
[BlackElo "2350"]
[PlyCount "107"]
[EventDate "2016.??.??"]
[WhiteTeam "Oberhausener SV 1"]
[BlackTeam "Klub Kölner SF 1"]

1. e4 e5 2. Nf3 Nc6 3. Bb5 a6 4. Ba4 Nf6 5. O-O Be7 6. Re1 b5 7. Bb3 d6 8. c3
O-O 9. h3 Na5 10. Bc2 c5 11. d4 Nd7 12. Nbd2 exd4 13. cxd4 Nc6 14. d5 Nce5 15.
a4 Bb7 16. Nf1 Nxf3+ 17. Qxf3 Bg5 18. Ne3 Ne5 19. Qe2 b4 20. Nf5 Bxc1 21. Raxc1
a5 22. f4 Ng6 23. Qf2 Re8 24. Bd3 Ba6 25. Bxa6 Rxa6 26. b3 Ne7 27. Ne3 Nc8 28.
Nf5 Ne7 29. Ne3 Nc8 30. Qb2 f6 31. Qc2 Ra7 32. Re2 Nb6 33. Rd1 Kh8 34. Nc4 Nxc4
35. Qxc4 Rae7 36. Rde1 Qc7 37. Kf1 h6 38. g3 Rf8 39. Kg2 Rfe8 40. Kh2 Rf8 41.
Re3 Rfe8 42. h4 Rf8 43. Kg2 Rfe8 44. Kf2 Qb6 45. R1e2 Qc7 46. Kf3 Rf8 47. h5
Rfe8 48. g4 Rf8 49. Rg2 Qd8 50. Ke2 Qe8 51. Rgg3 Qd8 52. Kd3 Rfe8 53. Kc2 Rc7
54. Kb2 1/2-1/2

[Event "Klub Kölner SF 1 - Oberhausener SV 1"]
[Site "Oberliga NRW 2015/2016"]
[Date "2016.02.14"]
[Round "6.2"]
[White "Strohhaeker, Raoul"]
[Black "Becker, Marcel"]
[Result "1-0"]
[WhiteElo "2367"]
[BlackElo "2297"]
[PlyCount "69"]
[EventDate "2016.??.??"]
[WhiteTeam "Klub Kölner SF 1"]
[BlackTeam "Oberhausener SV 1"]

1. c4 c6 2. d4 d5 3. Nc3 Nf6 4. e3 Bg4 5. f3 Bf5 6. Qb3 Bc8 7. cxd5 cxd5 8. f4
Nc6 9. Nf3 e6 10. Bd3 Bd6 11. O-O O-O 12. Ne5 Nd7 13. Bd2 Kh8 14. Rf3 f5 15.
Rh3 Qe8 16. Rc1 Nf6 17. Nb5 Bb8 18. Bb4 Nxb4 19. Rxc8 Qxc8 20. Ng6+ Kg8 21.
Ne7+ Kh8 22. Nxc8 Nxd3 23. Ne7 Re8 24. Ng6+ Kg8 25. Ne5 Nxe5 26. fxe5 Ne4 27.
Nc3 a6 28. Qxb7 Ra7 29. Qc6 Rae7 30. Rf3 Ba7 31. Nxe4 dxe4 32. Rf2 a5 33. g3
Rd8 34. Kg2 Kf7 35. Qxe4 1-0

[Event "Klub Kölner SF 1 - Oberhausener SV 1"]
[Site "Oberliga NRW 2015/2016"]
[Date "2016.02.14"]
[Round "6.3"]
[White "Kaufeld, Juergen"]
[Black "Morawietz, Dieter"]
[Result "0-1"]
[WhiteElo "2207"]
[BlackElo "2369"]
[PlyCount "102"]
[EventDate "2016.??.??"]
[WhiteTeam "Oberhausener SV 1"]
[BlackTeam "Klub Kölner SF 1"]

1. d4 Nf6 2. c4 e6 3. g3 c5 4. d5 exd5 5. cxd5 d6 6. Nc3 g6 7. Nf3 Bg7 8. Bg2
O-O 9. O-O Na6 10. h3 Nc7 11. e4 Re8 12. Re1 Nd7 13. Bf4 Ne5 14. Nxe5 dxe5 15.
Be3 Qd6 16. a4 Bd7 17. Bf1 Rec8 18. Qd2 b6 19. Rec1 a5 20. Nb1 Rab8 21. b3 f5
22. Na3 fxe4 23. Rd1 Ne8 24. Nc4 Qf8 25. Bg2 Nd6 26. g4 Bf6 27. Qc2 Rd8 28. Bd2
Be8 29. Bc3 Qe7 30. Qb2 Nxc4 31. bxc4 Qd6 32. Bxe4 Bd7 33. Re1 Rf8 34. Re2 Rbe8
35. Bc2 Bh4 36. Rf1 e4 37. Bxe4 Qf4 38. f3 Bd8 39. Qc2 Bxa4 40. Qd3 Qd6 41. f4
Rxf4 42. Rxf4 Qxf4 43. d6 Bf6 44. Bd2 Bd4+ 45. Kg2 Qxd6 46. Bd5+ Kg7 47. Qf3
Rxe2+ 48. Qxe2 Bc6 49. Qe4 Bxd5 50. cxd5 Qe5 51. Qf3 Qf6 0-1

[Event "Klub Kölner SF 1 - Oberhausener SV 1"]
[Site "Oberliga NRW 2015/2016"]
[Date "2016.02.14"]
[Round "6.4"]
[White "Zuse, Peter"]
[Black "Litwak, Aleksej"]
[Result "1/2-1/2"]
[WhiteElo "2172"]
[BlackElo "2270"]
[PlyCount "50"]
[EventDate "2016.??.??"]
[WhiteTeam "Klub Kölner SF 1"]
[BlackTeam "Oberhausener SV 1"]

1. e4 c5 2. Nf3 e6 3. d4 cxd4 4. Nxd4 Nf6 5. Nc3 Nc6 6. Ndb5 Bb4 7. a3 Bxc3+ 8.
Nxc3 d5 9. exd5 exd5 10. Bd3 O-O 11. O-O d4 12. Ne4 Bf5 13. Bg5 Bxe4 14. Bxe4
h6 15. Bh4 g5 16. Bxc6 bxc6 17. Bg3 Qd5 18. Qd3 Rfe8 19. Rfe1 Ne4 20. f3 Nxg3
21. hxg3 c5 22. b3 Kg7 23. Kf2 Rad8 24. Rxe8 Rxe8 25. Re1 Rxe1 1/2-1/2

[Event "Klub Kölner SF 1 - Oberhausener SV 1"]
[Site "Oberliga NRW 2015/2016"]
[Date "2016.02.14"]
[Round "6.5"]
[White "Kummerow, Heiko"]
[Black "Helbig, Mark"]
[Result "1/2-1/2"]
[WhiteElo "2200"]
[BlackElo "2268"]
[PlyCount "58"]
[EventDate "2016.??.??"]
[WhiteTeam "Oberhausener SV 1"]
[BlackTeam "Klub Kölner SF 1"]

1. e4 c6 2. d4 d5 3. exd5 cxd5 4. Bd3 Nc6 5. c3 Qc7 6. Ne2 Bg4 7. O-O e6 8. Qe1
Bxe2 9. Qxe2 Bd6 10. h3 Nge7 11. Nd2 Ng6 12. Nf3 Nf4 13. Bxf4 Bxf4 14. Rae1 g6
15. Bb5 O-O 16. Bxc6 Qxc6 17. Ne5 Bxe5 18. Qxe5 Rac8 19. Re3 Qc7 20. Qf6 Qd8
21. Qf4 Kg7 22. Rfe1 Qc7 23. Qh4 Qd8 24. Qg3 b5 25. a3 a5 26. Qe5+ Qf6 27. Qd6
Qd8 28. Qe5+ Qf6 29. Qd6 Qd8 1/2-1/2

[Event "Klub Kölner SF 1 - Oberhausener SV 1"]
[Site "Oberliga NRW 2015/2016"]
[Date "2016.02.14"]
[Round "6.6"]
[White "Ludwig, Peter"]
[Black "Ciornei, Dragos"]
[Result "1/2-1/2"]
[WhiteElo "2166"]
[BlackElo "2132"]
[Annotator "Hausrath,Daniel"]
[PlyCount "108"]
[EventDate "2016.??.??"]
[WhiteTeam "Klub Kölner SF 1"]
[BlackTeam "Oberhausener SV 1"]

1. Nf3 Nf6 2. c4 g6 3. g3 Bg7 4. Bg2 O-O 5. O-O d6 6. Nc3 e5 7. d4 Nbd7 8. e4
exd4 9. Nxd4 Re8 10. h3 c6 11. Be3 Nc5 12. Qc2 a5 13. Rfd1 Nfd7 14. Rab1 Qe7
15. b3 Nf6 16. f3 Nfd7 17. Bf2 h5 18. a3 Nf8 19. b4 axb4 20. axb4 Nce6 21. Nde2
Nh7 22. Qd2 Bf8 23. f4 Ng7 24. c5 dxc5 25. Bxc5 Qc7 26. Bd4 Be6 27. Qe3 Bc4 28.
Bb6 Qc8 29. Qd4 Be6 $11 30. Kh2 Be7 31. Qf2 f5 32. e5 Nf8 33. Be3 Rd8 34. Rdc1
Rd3 35. Nd4 Ra3 36. Nd1 Ra2 37. Rc2 Rda3 38. Nxe6 Qxe6 39. b5 Rxc2 40. Qxc2 Ra2
41. Rb2 Rxb2 42. Qxb2 h4 43. gxh4 Bxh4 44. bxc6 bxc6 45. Bf3 g5 46. Qg2 gxf4
47. Bxf4 Ng6 48. Bd2 Nxe5 49. Be2 Qd5 50. Qxd5+ cxd5 51. Bc3 Bf6 52. Ne3 d4 53.
Bxd4 Nf3+ 54. Bxf3 Bxd4 1/2-1/2

[Event "Klub Kölner SF 1 - Oberhausener SV 1"]
[Site "Oberliga NRW 2015/2016"]
[Date "2016.02.14"]
[Round "6.7"]
[White "Nissen, Claus"]
[Black "Bonnmann, Reinhard"]
[Result "1/2-1/2"]
[WhiteElo "2090"]
[BlackElo "2237"]
[PlyCount "32"]
[EventDate "2016.??.??"]
[WhiteTeam "Oberhausener SV 1"]
[BlackTeam "Klub Kölner SF 1"]

1. d4 Nf6 2. c4 g6 3. Nc3 Bg7 4. e4 d6 5. Be2 O-O 6. Nf3 e5 7. dxe5 dxe5 8.
Qxd8 Rxd8 9. Nd5 Nxd5 10. cxd5 c6 11. Bc4 cxd5 12. Bxd5 Nd7 13. Bg5 Re8 14. Nd2
Nc5 15. O-O-O Be6 16. Bxe6 Nxe6 1/2-1/2

[Event "Klub Kölner SF 1 - Oberhausener SV 1"]
[Site "Oberliga NRW 2015/2016"]
[Date "2016.02.14"]
[Round "6.8"]
[White "Wisskirchen, Andreas"]
[Black "Voge, Andreas"]
[Result "1/2-1/2"]
[WhiteElo "2188"]
[BlackElo "2087"]
[PlyCount "80"]
[EventDate "2016.??.??"]
[WhiteTeam "Klub Kölner SF 1"]
[BlackTeam "Oberhausener SV 1"]

1. d4 d5 2. Nf3 Nc6 3. Bf4 Bf5 4. c3 e6 5. Nbd2 Bd6 6. e3 h6 7. Qb3 Nge7 8. Be2
O-O 9. O-O Bxf4 10. exf4 Ng6 11. g3 Bh3 12. Rfe1 Qf6 13. Bf1 Bxf1 14. Rxf1 b6
15. Qb5 Nce7 16. Ne5 Rfd8 17. Ndf3 Qf5 18. Qe2 c5 19. a4 f6 20. Nxg6 Nxg6 21.
Rfe1 Rd6 22. a5 Re8 23. axb6 axb6 24. Ra6 c4 25. Ra7 h5 26. Kh1 h4 27. Nxh4
Nxh4 28. gxh4 Red8 29. Qe3 Kh8 30. h5 b5 31. Qg3 R6d7 32. Ra6 Rd6 33. Rxd6 Rxd6
34. Ra1 Rd8 35. Rg1 Rg8 36. h6 g5 37. fxg5 Rxg5 38. Qb8+ Kh7 39. Rxg5 fxg5 40.
Qxb5 Qe4+ 1/2-1/2

[Event "Oberliga NRW"]
[Site "Aachen"]
[Date "2016.02.14"]
[Round "6"]
[White "Kerigan, Demre"]
[Black "Gulbas, Cemil"]
[Result "1/2-1/2"]
[WhiteElo "2369"]
[BlackElo "2366"]
[PlyCount "85"]
[WhiteTeam "SV Wattenscheid"]
[BlackTeam "DJK Aufwärts Aachen 2"]

1. e4 c5 2. Nf3 e6 3. g3 Nc6 4. Bg2 Nf6 5. Qe2 d5 6. exd5 Nxd5 7. O-O Be7 8. c3
O-O 9. Rd1 Bf6 10. Na3 e5 11. d3 Re8 12. Nc4 Bg4 13. Qe4 Bh5 14. Ne3 Nxe3 15.
Bxe3 Qd6 16. Qc4 b6 17. g4 Bg6 18. Nd2 Rac8 19. Ne4 Bxe4 20. Bxe4 Qe7 21. Rf1
Bg5 22. Qa4 Nb8 23. Kh1 a6 24. Bd5 b5 25. Qe4 Nd7 26. Qf5 h6 27. a4 Nf6 28. Ba2
e4 29. Bxg5 hxg5 30. Rae1 Qb7 31. dxe4 Rxe4 32. Bd5 Qxd5 33. Qxd5 Rxe1 34. Qg2
Rce8 35. h3 R1e2 36. Qc6 Rxb2 37. Qxa6 bxa4 38. Qxa4 Ree2 39. Qa8+ Kh7 40. Qf3
Ne4 41. Qf5+ Kg8 42. Qc8+ Kh7 43. Qf5+ 1/2-1/2

[Event "Oberliga NRW"]
[Site "Aachen"]
[Date "2016.02.14"]
[Round "6"]
[White "Skulener, Wladimir"]
[Black "Hopman, Pieter"]
[Result "0-1"]
[WhiteElo "2381"]
[BlackElo "2386"]
[PlyCount "64"]
[WhiteTeam "DJK Aufwärts Aachen 2"]
[BlackTeam "SV Wattenscheid"]

1. d4 d6 2. e4 Nf6 3. f3 d5 4. e5 Ng8 5. c4 e6 6. Nc3 Ne7 7. Be3 c5 8. dxc5 Nf5
9. Bf2 d4 10. Ne4 Bxc5 11. Nxc5 Qa5+ 12. Qd2 Qxc5 13. f4 Nc6 14. Nf3 b6 15.
O-O-O Bb7 16. Nxd4 Ncxd4 17. Bxd4 Qc7 18. Bc3 O-O 19. Bd3 Rfd8 20. Qe2 Ba6 21.
Rd2 g6 22. Kb1 Rac8 23. Rc1 Rd7 24. g4 Nd4 25. Qe3 Rcd8 26. f5 Qc5 27. f6 Nb3
28. Qh6 Nxd2+ 29. Bxd2 Qf8 30. Qxf8+ Rxf8 31. Rc3 Rfd8 32. Kc2 Bb7 0-1

[Event "Oberliga NRW"]
[Site "Aachen"]
[Date "2016.02.14"]
[Round "6"]
[White "Peelen, Pieter"]
[Black "Buscher, Michael"]
[Result "1/2-1/2"]
[WhiteElo "2324"]
[BlackElo "2388"]
[PlyCount "66"]
[WhiteTeam "SV Wattenscheid"]
[BlackTeam "DJK Aufwärts Aachen 2"]

1. d4 Nf6 2. c4 e6 3. g3 d5 4. Nf3 c5 5. cxd5 Nxd5 6. Bg2 cxd4 7. O-O Be7 8.
Nxd4 O-O 9. Nc3 Nxc3 10. bxc3 Qa5 11. Rb1 e5 12. Rb5 Qc7 13. Nf5 Bxf5 14. Rxb7
Qc8 15. Rxe7 Nc6 16. Ba3 Nxe7 17. Bxe7 Re8 18. Bd6 Bh3 19. Bxh3 Qxh3 20. c4 Re6
21. f3 Qh6 22. c5 Qe3+ 23. Kg2 h5 24. Qd3 Qxd3 25. exd3 Rc8 26. Rb1 Rc6 27. a4
Rexd6 28. Rb8+ Kh7 29. cxd6 Rxd6 30. Rb7 f6 31. Rxa7 Rxd3 32. h4 Rd2+ 33. Kf1
Ra2 1/2-1/2

[Event "Oberliga NRW"]
[Site "Aachen"]
[Date "2016.02.14"]
[Round "6"]
[White "Marcziter, Dimitri"]
[Black "de Rover, Yong Hoon"]
[Result "1/2-1/2"]
[WhiteElo "2311"]
[BlackElo "2344"]
[PlyCount "92"]
[WhiteTeam "DJK Aufwärts Aachen 2"]
[BlackTeam "SV Wattenscheid"]

1. d4 Nf6 2. c4 g6 3. Nf3 Bg7 4. g3 O-O 5. Bg2 d6 6. O-O Nbd7 7. Nc3 e5 8. e4
c6 9. h3 Qb6 10. Re1 exd4 11. Nxd4 Re8 12. Nf3 Qc5 13. Be3 Qb4 14. Qd2 Ne5 15.
Nxe5 dxe5 16. b3 Bf8 17. Qc2 Be6 18. a3 Qe7 19. c5 Nd7 20. b4 f6 21. Nb1 Qf7
22. Nd2 Rec8 23. Bf1 b6 24. a4 bxc5 25. bxc5 f5 26. f4 exf4 27. gxf4 Nf6 28. e5
Nd5 29. Nc4 Nxe3 30. Nxe3 Bh6 31. Qf2 Rab8 32. Rab1 Kh8 33. Bg2 Qe7 34. Nc2 g5
35. Nd4 Rxb1 36. Rxb1 gxf4 37. Nxc6 Qf7 38. Nd4 Rg8 39. Kh2 Bd5 40. Bf3 Bf8 41.
Rc1 Be4 42. c6 Ba3 43. Rc3 Bb4 44. Rc1 Ba3 45. Rc3 Bb4 46. Rc1 Ba3 1/2-1/2

[Event "Oberliga NRW"]
[Site "Aachen"]
[Date "2016.02.14"]
[Round "6"]
[White "Hirsch, Stefan"]
[Black "van Dooren, Dirk"]
[Result "0-1"]
[WhiteElo "2216"]
[BlackElo "2331"]
[PlyCount "118"]
[WhiteTeam "SV Wattenscheid"]
[BlackTeam "DJK Aufwärts Aachen 2"]

1. e4 c5 2. Nf3 d6 3. Bb5+ Nc6 4. O-O Bd7 5. Re1 Nf6 6. c3 a6 7. Bf1 e5 8. Na3
Be7 9. Nc2 O-O 10. d4 Qc7 11. d5 Na5 12. b3 b5 13. h3 Ne8 14. g4 g6 15. Bh6 Ng7
16. Ne3 f6 17. Nd2 Nb7 18. f4 exf4 19. Bxf4 Nd8 20. Nf3 Nf7 21. Bd3 Ne5 22. Rf1
h5 23. Nh4 Kh7 24. Bg3 Rae8 25. Kg2 Bd8 26. Be2 Qc8 27. Rh1 g5 28. Nhf5 Nxf5
29. Nxf5 Bxf5 30. exf5 h4 31. Bf2 Ba5 32. Qd2 Nd7 33. Rae1 Re5 34. Bf3 Rfe8 35.
Rxe5 Rxe5 36. Re1 Qe8 37. Re3 Rxe3 38. Qxe3 Qxe3 39. Bxe3 Bxc3 40. Kf1 Ne5 41.
Be4 Kg7 42. Ke2 Kf7 43. Kd1 Ke7 44. Kc2 Ba1 45. Bf2 Kd7 46. Be1 Bd4 47. Bd2 Kc7
48. Ba5+ Kc8 49. Be1 Kb7 50. Bd2 Kb6 51. Be1 a5 52. Bd2 c4 53. Be1 c3 54. Bxc3
Bxc3 55. Kxc3 Kc5 56. a3 b4+ 57. axb4+ axb4+ 58. Kd2 Kd4 59. Bg2 Nd3 0-1

[Event "Oberliga NRW"]
[Site "Aachen"]
[Date "2016.02.14"]
[Round "6"]
[White "Lenaerts, Lennert"]
[Black "Kähmann, Jörg"]
[Result "1/2-1/2"]
[WhiteElo "2279"]
[BlackElo "2245"]
[PlyCount "86"]
[WhiteTeam "DJK Aufwärts Aachen 2"]
[BlackTeam "SV Wattenscheid"]

1. d4 Nf6 2. c4 e6 3. Nc3 Bb4 4. Qc2 c5 5. dxc5 Bxc3+ 6. Qxc3 Ne4 7. Qa3 Na6 8.
Be3 Qe7 9. g3 Nexc5 10. Bg2 Nb4 11. Qc3 O-O 12. Nh3 a5 13. O-O e5 14. Ng5 d6
15. Rfd1 Bg4 16. Rd2 Rac8 17. a3 Nc6 18. b4 axb4 19. axb4 Ne6 20. Nxe6 Bxe6 21.
b5 Nd8 22. Bd5 Bxd5 23. Rxd5 Ne6 24. Rad1 Nc7 25. R5d2 Nxb5 26. Qb2 Nd4 27.
Bxd4 exd4 28. Rxd4 Rc6 29. Rg4 g6 30. Rdd4 Rfc8 31. Rh4 Rc5 32. Qd2 R8c6 33.
Qd3 Re5 34. Rhe4 Qf6 35. h4 h5 36. Qe3 Kg7 37. Rxe5 dxe5 38. Re4 b6 39. Qc3 Rc5
40. f4 exf4 41. Qxf6+ Kxf6 42. Rxf4+ Ke6 43. Kf2 b5 1/2-1/2

[Event "Oberliga NRW"]
[Site "Aachen"]
[Date "2016.02.14"]
[Round "6"]
[White "Köhn, Peter"]
[Black "Jügel, Marcel"]
[Result "1/2-1/2"]
[WhiteElo "2256"]
[BlackElo "2244"]
[PlyCount "77"]
[WhiteTeam "SV Wattenscheid"]
[BlackTeam "DJK Aufwärts Aachen 2"]

1. c4 b6 2. Nc3 e6 3. e4 Bb7 4. g3 f5 5. Bg2 Nf6 6. d3 Bc5 7. Nge2 O-O 8. O-O
fxe4 9. h3 exd3 10. Bxb7 dxe2 11. Qxe2 Nc6 12. Bxc6 dxc6 13. Qxe6+ Kh8 14. Qxc6
Qd3 15. Kg2 Rae8 16. Bg5 Ne4 17. Bf4 Nxc3 18. bxc3 Re2 19. Rae1 Qxc4 20. Be3
Rxa2 21. Bxc5 bxc5 22. Re8 Qf7 23. Rxf8+ Qxf8 24. Qxc7 h6 25. Qc6 a5 26. Qf3
Qxf3+ 27. Kxf3 Rc2 28. Ra1 Rxc3+ 29. Ke2 Rc2+ 30. Ke3 Kh7 31. Rxa5 Kg6 32. Ra4
Rc3+ 33. Ke4 Rc2 34. Ke3 Rc1 35. Rf4 Re1+ 36. Kd3 Re5 37. Kc4 h5 38. h4 Kh6 39.
Rf8 1/2-1/2

[Event "Oberliga NRW"]
[Site "Aachen"]
[Date "2016.02.14"]
[Round "6"]
[White "Tochtenhagen, Wolfgang"]
[Black "Voss, Gunther"]
[Result "1-0"]
[WhiteElo "2103"]
[BlackElo "2167"]
[PlyCount "55"]
[WhiteTeam "DJK Aufwärts Aachen 2"]
[BlackTeam "SV Wattenscheid"]

1. e4 c5 2. Nf3 d6 3. d4 cxd4 4. Nxd4 Nf6 5. Nc3 a6 6. h3 e5 7. Nde2 h5 8. Bg5
Be7 9. Bxf6 Bxf6 10. Nd5 Be6 11. Nxf6+ gxf6 12. Nc3 Nc6 13. Nd5 f5 14. exf5
Qa5+ 15. Nc3 Bxf5 16. Qxd6 Rd8 17. Qf6 Nd4 18. O-O-O O-O 19. Bd3 Bxd3 20. Rxd3
Ne2+ 21. Nxe2 Rxd3 22. Qg5+ Kh8 23. Qxh5+ Kg7 24. Qg5+ Kh8 25. cxd3 Qxa2 26.
Qxe5+ f6 27. Qh5+ Kg7 28. Qg4+ 1-0

[Event "SC Rochade Emsdetten 1 - SV Erkenschwic"]
[Site "NRW-Klasse, Gruppe 1 2015/201"]
[Date "2016.02.14"]
[Round "6.1"]
[White "Jens, Jelmer"]
[Black "Kabatianski, Alexander"]
[Result "1/2-1/2"]
[WhiteElo "2297"]
[BlackElo "2378"]
[PlyCount "63"]
[EventDate "2016.??.??"]
[WhiteTeam "SV Erkenschwick 1"]
[BlackTeam "SC Rochade Emsdetten 1"]

1. e4 c5 2. Nf3 e6 3. d4 cxd4 4. Nxd4 Nc6 5. Nc3 a6 6. Nxc6 bxc6 7. Bd3 d5 8.
O-O Nf6 9. Qf3 Be7 10. Bf4 O-O 11. Rfe1 Re8 12. Rad1 Bb7 13. Qh3 g6 14. Ne2 c5
15. c4 dxc4 16. Bxc4 Qb6 17. f3 Nh5 18. Be5 Rad8 19. Ng3 Nxg3 20. Qxg3 Rxd1 21.
Rxd1 Rd8 22. Qe1 Bc6 23. Rxd8+ Bxd8 24. Qd2 Be7 25. Qh6 Bf8 26. Qg5 Bg7 27.
Bxg7 Kxg7 28. Qe5+ Kg8 29. h4 Bb5 30. Bxb5 axb5 31. h5 gxh5 32. Qxh5 1/2-1/2

[Event "SC Rochade Emsdetten 1 - SV Erkenschwic"]
[Site "NRW-Klasse, Gruppe 1 2015/201"]
[Date "2016.02.14"]
[Round "6.2"]
[White "Lehmann, Holger"]
[Black "Erwich, Frank"]
[Result "1-0"]
[WhiteElo "2153"]
[BlackElo "2329"]
[Annotator "Hausrath,Daniel"]
[PlyCount "81"]
[EventDate "2016.??.??"]
[WhiteTeam "SC Rochade Emsdetten 1"]
[BlackTeam "SV Erkenschwick 1"]

1. d4 Nf6 2. c4 e6 3. Nc3 Bb4 4. Qc2 c5 5. dxc5 O-O 6. Nf3 Na6 7. a3 Bxc3+ 8.
Qxc3 Nxc5 9. b4 Nce4 10. Qc2 a5 11. g3 axb4 12. Bg2 d5 13. cxd5 exd5 14. O-O
Bd7 15. Qb3 $11 Ra4 16. Bb2 Nc5 17. Qe3 b6 18. axb4 Rxb4 19. Bd4 Rb5 20. Rab1
Re8 21. Qd2 Rxb1 22. Rxb1 Bf5 23. Rb4 h6 24. Qb2 Ncd7 25. e3 Re6 26. Bc3 Be4
27. Nd4 Re8 28. Nc6 Qc7 29. Nd4 Bxg2 30. Kxg2 Rc8 31. Nb5 Qd8 32. Nd6 Rc6 33.
Nf5 Qe8 34. Rf4 Re6 35. Rb4 Qa8 36. Bd4 Qc6 37. Bxf6 Nxf6 38. Nd4 Qa8 39. Nxe6
fxe6 40. Rxb6 Kh7 41. Qb1+ 1-0